Представление документа в формате MARC21

Поле Инд. ПП Название Значение
Тип записи a
Библиографический уровень m
001 Контрольный номер 34b2429692ca48bb9baebb88e1b33bdd
005 Дата корректировки 20260119155456.3
008 Кодируемые данные 191011|||||||||ru |||||||||||||||||rus||
020 a ISBN 978-5-86185-991-2
041 0_ a Код языка текста rus
084 a Индекс другой классификации/Индекс ББК 28.082+26.22+20.1
090 a Полочн. индекс 28.082
x Авторский знак М 54
245 10 a Заглавие Методы экологических исследований водоемов Арктики
b Продолж. заглавия монография
c Ответственность М-во науки и высш. образования Рос. Федерации, ФГБОУ ВО "Мурман. гос. техн. ун-т" [и др.]
260 a Место издания Мурманск
b Издательство Изд-во МГТУ
c Дата издания 2019
300 a Объем 180 с.
b Иллюстрации/ тип воспроизводства ил.
500 a Примечание Имеется электрон. аналог 2019 г.
504 a Библиография Библиогр.: с. 168-178
583 x Служебное примечание Арктические исследования
650 04 a Основная рубрика Гидробиология-Артика-Экологические исследования-Монографии
651 _4 a Географическое наименование Арктика
653 0_ a Ключевые слова Водоемы; Водоемы Арктики; Диатомовый анализ; Донные отложения водоемов; Исследования арктические; Исследования ихтиологические; Исследования экологические; Зоопланктон арктических водоемов; Зообентос арктических водоемов; Монографии; Отбор проб зоопланктона; Отбор проб фитопланктона; Охрана водной среды; Охрана водоемов; Охрана окружающей среды; Труды преподавателей МГТУ; Фитопланктон Арктики; Экосистемы водные; Экология Арктики
700 12 a Другие авторы Сандимиров С. С.
700 12 a Другие авторы Кудрявцева Л. П.
700 12 a Другие авторы Даувальтер В. А.
700 12 a Другие авторы Денисов Д. Б.
700 12 a Другие авторы Косова А. Л.
700 12 a Другие авторы Черепанов А. А.
700 12 a Другие авторы Вандыш О. И.
700 12 a Другие авторы Валькова С. А.
700 12 a Другие авторы Терентьев П. М.
700 12 a Другие авторы Королева И. М.
700 12 a Другие авторы Зубова Е. М.
700 12 a Другие авторы Кашулин Н. А.
710 12 a Организация/ юрисдикция Мурманский государственный технический университет
710 12 a Организация/ юрисдикция Институт проблем промышленной экологии Севера
710 12 a Организация/ юрисдикция Кольский научный центр Российской академии наук
901 t Тип документа m
952 c Вид литературы монография